000
00318 a2200121 4500
001
146256
040
_c
Escola São Tomás de Aquino
100
_a
BATTAGLIA, Stela Maris Fazio
240
1
0
_a
Aventuras de Robinson Crusoé
_l
por
245
1
0
_a
Aventuras de Robinson Crusoé
697
_a
*LITERATURA INFANTO
942
_c
BK
999
_c
146256
_d
146256